[Event "Umraniye White Elephant 32nd"]
[Site "Umraniye"]
[Date "2023.10.29"]
[Round "6"]
[White "Guler, Muhammed Talha"]
[Black "Portakalci, Yusuf"]
[Result "1/2-1/2"]
[WhiteElo "1883"]
[BlackElo "1866"]
[PlyCount "72"]
[EventDate "2023.10.25"]
[EventType "swiss"]
[EventRounds "7"]
[EventCountry "TUR"]
[SourceTitle "Mega2024 Update 01"]
[Source "Chessbase"]
[SourceDate "2023.11.12"]
[SourceVersion "1"]
[SourceVersionDate "2023.11.12"]
[SourceQuality "1"]

1. d4 Nf6 2. c4 e6 3. g3 Be7 4. Bg2 d5 5. Nf3 0-0 6. 0-0 dxc4 7. Qc2 a6 8. a4 Bd7 9. Qxc4 Bc6 10. Bg5 a5 11. Nc3 Na6 12. Rac1 Rc8 13. Rfd1 Nb4 14. Ne5 Bxg2 15. Kxg2 c6 16. Nd3 Nxd3 17. Rxd3 Nd5 18. Bxe7 Qxe7 19. Qc5 Qg5 20. Nxd5 Qxd5+ 21. Qxd5 exd5 22. Rb3 Rc7 23. Rb5 Re7 24. Rb6 Ra8 25. Kf3 Kf8 26. e3 Ke8 27. Rc5 Kd8 28. b4 axb4 29. a5 Kc7 30. Rxb4 Ra6 31. Rb2 Re8 32. h4 Rea8 33. Ra2 Kd6 34. Rb2 Kc7 35. Rbb5 Kb8 36. Rb3 Kc7 1/2-1/2

[Event "Umraniye White Elephant 32nd"]
[Site "Umraniye"]
[Date "2023.10.29"]
[Round "7"]
[White "Yilmaz, Turhan"]
[Black "Guler, Muhammed Talha"]
[Result "1-0"]
[WhiteElo "2084"]
[BlackElo "1883"]
[PlyCount "59"]
[EventDate "2023.10.25"]
[EventType "swiss"]
[EventRounds "7"]
[EventCountry "TUR"]
[SourceTitle "Mega2024 Update 01"]
[Source "Chessbase"]
[SourceDate "2023.11.12"]
[SourceVersion "1"]
[SourceVersionDate "2023.11.12"]
[SourceQuality "1"]

1. e4 c5 2. Nc3 Nc6 3. g3 g6 4. Bg2 Bg7 5. d3 d6 6. Be3 e6 7. Qd2 Rb8 8. Nge2 b5 9. d4 b4 10. Nd1 cxd4 11. Nxd4 Nge7 12. Nxc6 Nxc6 13. Bh6 Bxh6 14. Qxh6 Ba6 15. Qd2 0-0 16. Ne3 Qf6 17. 0-0-0 Rfc8 18. Kb1 h5 19. f4 b3 20. axb3 Qd8 21. Bf1 Nb4 22. c3 Bxf1 23. Rhxf1 Nc6 24. Nc4 Na5 25. Qxd6 Qxd6 26. Nxd6 Rc6 27. b4 Nb3 28. Ka2 Nc1+ 29. Rxc1 Rxd6 30. Rfd1 1-0

[Event "EU-ch Hybrid U16"]
[Site "Tornelo INT"]
[Date "2021.10.15"]
[Round "9"]
[White "Johannessen, Heine N"]
[Black "Guler, Muhammed Talha"]
[Result "0-1"]
[WhiteElo "1930"]
[BlackElo "1802"]
[PlyCount "92"]
[EventDate "2021.10.15"]
[EventType "swiss"]
[EventRounds "9"]
[EventCountry "NET"]
[SourceTitle "EXT 2023"]
[Source "ChessBase"]
[SourceDate "2022.10.05"]
[SourceVersion "1"]
[SourceVersionDate "2022.10.05"]
[SourceQuality "1"]
[WhiteTeam "Norway"]
[BlackTeam "Turkey"]
[WhiteTeamCountry "NOR"]
[BlackTeamCountry "TUR"]

1. d4 c5 2. Nf3 cxd4 3. Nxd4 d5 4. g3 e5 5. Nb3 Be6 6. Bg2 Nc6 7. 0-0 Be7 8. Nc3 Nf6 9. Bg5 d4 10. Bxf6 Bxf6 11. Ne4 Be7 12. Nec5 Bc8 13. c3 dxc3 14. Qxd8+ Kxd8 15. Rfd1+ Kc7 16. bxc3 a5 17. a4 Bf5 18. Bd5 b6 19. Ne4 Rad8 20. c4 Bxe4 21. Bxe4 Rxd1+ 22. Rxd1 Rd8 23. Rxd8 Nxd8 24. Bd5 Kd6 25. e4 Ne6 26. Bxe6 Kxe6 27. Kf1 h5 28. h3 f5 29. f3 g6 30. Ke2 Bc5 31. Nc1 f4 32. gxf4 exf4 33. Nd3 Be3 34. Ne1 g5 35. Ng2 Bc1 36. Ne1 Ba3 37. Nd3 Bc5 38. Kf1 Be3 39. Kg2 Kd6 40. h4 g4 41. fxg4 hxg4 42. h5 Ke6 43. Nf2 Bxf2 44. Kxf2 Kf6 45. e5+ Kxe5 46. h6 Kf6 0-1

[Event "TUR-ch U13-U18"]
[Site "Antalya"]
[Date "2020.01.25"]
[Round "11"]
[White "Guler, Muhammed Talha"]
[Black "Cevizci, Yusuf Baran"]
[Result "1/2-1/2"]
[WhiteElo "1695"]
[BlackElo "1746"]
[PlyCount "50"]
[EventDate "2020.01.19"]
[EventType "swiss"]
[EventRounds "11"]
[EventCountry "TUR"]
[SourceTitle "CBM 195 Extra"]
[Source "ChessBase"]
[SourceDate "2020.05.31"]
[SourceVersion "1"]
[SourceVersionDate "2020.05.31"]
[SourceQuality "1"]

1. e4 c6 2. d4 d5 3. exd5 cxd5 4. c4 Nf6 5. Nc3 g6 6. Bg5 Nbd7 7. Qb3 Bg7 8. cxd5 0-0 9. g3 Nb6 10. Bg2 Bf5 11. Nge2 Bd3 12. Nf4 Bc4 13. Qc2 Rc8 14. Bxf6 Bxf6 15. Qd2 Ba6 16. b3 e5 17. Nfe2 Bxe2 18. Nxe2 exd4 19. 0-0 d3 20. Qxd3 Bxa1 21. Rxa1 Qd6 22. Rd1 Nd7 23. Nc3 Qe5 24. Ne4 f5 25. Ng5 Qd6 1/2-1/2

[Event "TUR-ch U13-U18"]
[Site "Antalya"]
[Date "2020.01.22"]
[Round "6"]
[White "Basara, Arda"]
[Black "Guler, Muhammed Talha"]
[Result "0-1"]
[WhiteElo "1768"]
[BlackElo "1695"]
[PlyCount "42"]
[EventDate "2020.01.19"]
[EventType "swiss"]
[EventRounds "11"]
[EventCountry "TUR"]
[SourceTitle "CBM 195 Extra"]
[Source "ChessBase"]
[SourceDate "2020.05.31"]
[SourceVersion "1"]
[SourceVersionDate "2020.05.31"]
[SourceQuality "1"]

1. d4 Nf6 2. Nf3 d5 3. c4 e6 4. Nc3 c5 5. cxd5 exd5 6. g3 Nc6 7. Bg2 Be6 8. 0-0 h6 9. Bf4 Rc8 10. Rc1 c4 11. Ne5 g5 12. Nxc6 bxc6 13. Be5 Rg8 14. f4 Ng4 15. Qc2 f6 16. Qh7 fxe5 17. Bh3 Rc7 18. Qb1 exf4 19. Kh1 Nf2+ 20. Rxf2 Bxh3 21. gxf4 gxf4 0-1

[Event "TUR-chT2"]
[Site "Konya"]
[Date "2018.07.12"]
[Round "5.27"]
[White "Mangal, Ali"]
[Black "Guler, Muhammed Talha"]
[Result "1-0"]
[WhiteElo "1766"]
[BlackElo "1498"]
[PlyCount "121"]
[EventDate "2018.07.10"]
[EventType "team-swiss"]
[EventRounds "9"]
[EventCountry "TUR"]
[SourceTitle "EXT 2019"]
[Source "ChessBase"]
[SourceDate "2018.10.10"]
[SourceVersion "1"]
[SourceVersionDate "2018.10.10"]
[SourceQuality "1"]
[WhiteTeam "Siirt Genclik"]
[BlackTeam "Duzce Siyah Beyaz"]
[WhiteTeamCountry "TUR"]
[BlackTeamCountry "TUR"]

1. d4 d5 2. c4 e6 3. Nf3 c6 4. Nc3 f5 5. Bg5 Nf6 6. e3 Bd6 7. Bd3 Nbd7 8. 0-0 0-0 9. Rc1 a6 10. cxd5 cxd5 11. Re1 Qe8 12. Be2 Ne4 13. g3 Ndf6 14. Bf4 Qe7 15. Bxd6 Qxd6 16. Ne5 Bd7 17. f3 Nxc3 18. Rxc3 Bc6 19. Qc2 Be8 20. Rc1 Nd7 21. Nd3 h5 22. Kg2 g5 23. f4 g4 24. Rc7 Rb8 25. b3 Rf7 26. Rc8 Rh7 27. Rxb8 Qxb8 28. Qc8 Qxc8 29. Rxc8 Kf8 30. Rc7 Nf6 31. Rxh7 Nxh7 32. Nc5 Bc6 33. Nxe6+ Ke7 34. Nc5 Nf6 35. Bd3 Ne4 36. Bxe4 fxe4 37. h3 Kf6 38. hxg4 hxg4 39. Kf2 a5 40. a3 b5 41. Ke1 Kf5 42. Kd2 Kf6 43. Kc3 Kf5 44. Na6 Kf6 45. Nb8 Be8 46. Na6 Bc6 47. a4 bxa4 48. bxa4 Bxa4 49. Nc5 Bc6 50. Nb3 a4 51. Nc5 Ke7 52. Kb4 Kd6 53. Nxa4 Bd7 54. Nc5 Bf5 55. Kb5 Kc7 56. Na6+ Kd6 57. Kb6 Bd7 58. Nc7 Bf5 59. Nb5+ Ke6 60. Kc6 Bg6 61. Nc7+ 1-0

[Event "TUR-chT2"]
[Site "Konya"]
[Date "2018.07.11"]
[Round "3.18"]
[White "Guler, Muhammed Talha"]
[Black "Vardar, Harun"]
[Result "1/2-1/2"]
[WhiteElo "1498"]
[BlackElo "1832"]
[PlyCount "42"]
[EventDate "2018.07.10"]
[EventType "team-swiss"]
[EventRounds "9"]
[EventCountry "TUR"]
[SourceTitle "EXT 2019"]
[Source "ChessBase"]
[SourceDate "2018.10.10"]
[SourceVersion "1"]
[SourceVersionDate "2018.10.10"]
[SourceQuality "1"]
[WhiteTeam "Duzce Siyah Beyaz"]
[BlackTeam "Sakarya Buyuksehir"]
[WhiteTeamCountry "TUR"]
[BlackTeamCountry "TUR"]

1. e4 c5 2. c4 e5 3. Nc3 Nc6 4. d3 d6 5. g3 Be7 6. Bg2 f5 7. Nge2 Nf6 8. Nd5 0-0 9. 0-0 Nd4 10. Nxd4 cxd4 11. Nxf6+ Rxf6 12. exf5 Rxf5 13. Be4 Rf6 14. Bg5 Rf8 15. Qh5 g6 16. Bxg6 hxg6 17. Qxg6+ Kh8 18. Qh6+ Kg8 19. Qg6+ Kh8 20. Qh6+ Kg8 21. Qg6+ Kh8 1/2-1/2

[Event "TUR-chT2"]
[Site "Konya"]
[Date "2017.07.13"]
[Round "7.15"]
[White "Tugmen, Alperen"]
[Black "Guler, Muhammed Talha"]
[Result "0-1"]
[WhiteElo "1105"]
[BlackElo "1596"]
[PlyCount "74"]
[EventDate "2017.07.09"]
[EventType "team-swiss"]
[EventRounds "9"]
[EventCountry "TUR"]
[SourceTitle "CBM 179 Extra"]
[Source "ChessBase"]
[SourceDate "2017.08.23"]
[SourceVersion "1"]
[SourceVersionDate "2017.08.23"]
[SourceQuality "1"]
[WhiteTeam "Sinop Kultur"]
[BlackTeam "Duzcespor"]
[WhiteTeamCountry "TUR"]
[BlackTeamCountry "TUR"]

1. d4 Nf6 2. Nf3 g6 3. c4 Bg7 4. Nc3 0-0 5. e4 d6 6. Be2 e5 7. d5 a5 8. 0-0 Na6 9. Qc2 Nc5 10. Be3 Nh5 11. a3 f5 12. Bg5 Nf6 13. b4 Ncxe4 14. Nxe4 fxe4 15. Bxf6 Qxf6 16. Nd2 e3 17. fxe3 Qg5 18. Qd3 Rxf1+ 19. Rxf1 Bh6 20. Rf3 Bg4 21. Ne4 Qe7 22. Nf6+ Kh8 23. Nxg4 e4 24. Qc3+ Bg7 25. Rf6 h5 26. Re6 Qxe6 27. Qxg7+ Kxg7 28. dxe6 hxg4 29. Bxg4 axb4 30. axb4 Kf6 31. h4 Ra4 32. h5 gxh5 33. Bxh5 Kxe6 34. c5 Rxb4 35. cxd6 cxd6 36. g4 Rb2 37. Kf1 b5 0-1